Biblioteca

La Casa (Registro nro. 47706)

Detalles MARC
000 -LÍDER
Campo fijo de descripción fija 002780000a22001330004500
082 04 - NÚMERO DE CLASIFICACIÓN DECIMAL DEWEY
Número de clasificación B Si25a
001 - NÚMERO DE CONTROL
Campo de control 491
245 10 - TÍTULO
Título del Material La Casa
260 ## - PUBLICACIÓN, DISTRIBUCIÓN, ETC. (PIE DE IMPRENTA)
Lugar de publicación, distribución, etc. [s.l] Sigmar
300 ## - DESCRIPCIÓN FÍSICA
Extensión [8 p. ]
500 ## - NOTA GENERAL
Nota General Texto,con textura \ Texto pasta dura
942 ## - TIPO DE MATERIAL (KOHA)
Tipo de Item KOHA Z- Libro General BINCO
Existencias
Estado de Material Estado de Perdido Volumen-Parte/Tomo Estado de Dañado No para Préstamo Tomo Biblioteca de Origen Biblioteca Permanente Fecha de Adquisición Total de Préstamos Signatura Topográfica Código de Barras Última vez visto Última vez Préstado Ejemplar/Existencia Fecha de Remplazo Tipo de Material
            Biblioteca Infantil Comunitaria BINCO Biblioteca Infantil Comunitaria BINCO 16/03/2006 1 B Si25a B30920 24/11/2016 22/07/2016 1 26/01/2016 Z- Libro General BINCO
            Biblioteca Infantil Comunitaria BINCO Biblioteca Infantil Comunitaria BINCO 24/03/2006   B Si25a B30921 24/11/2016   2 26/01/2016 Z- Libro General BINCO

Biblioteca FUSBC | Teléfono: (57+4) 349 88 10 Ext. 141| WhatsApp (+57) 3005338115 
E-mail: biblioteca@unisbc.edu.co | Calle 76 87-14 Robledo Palenque, Medellín, Colombia

Con tecnología Koha